000 00967nam a22002777a 4500
001 BR9506179
003 BR-BrBNA
005 20230928094543.0
007 ta
008 230509b bl.||||| |||| 00| 0 por d
040 _aBR-BrBNA
_bpor
_cBiblioteca Nacional de Agricultura
041 _a(Por)
072 _aE14
090 _ E14 BR9506179
110 1 _aMinisterio do Interior, Brasilia, DF (Brasil)
_97113
245 1 _aPrograma regional de desenvolvimento e transferencia de tecnologias para produtores de baixa renda do semi-arido do nordeste - PRODETTEC. Proposta de intervencao nos municipios - Piloto. Vol 3 - anexo 2. Fichas de informacao basica dos municipios - Piloto
260 3 _aBrasilia, DF (Brasil):
_c1989.
300 _a59 p.
500 _a119 tables
650 _aPrograma de Desenvolvimento
650 _aPequeno Produtor
650 _aBaixa Renda
650 _aRegiao Nordeste
909 _a202309
_bLucia
_c55
_dLucia Elande
942 _cBK
999 _c51308
_d51308